English Football shirts: Yellow & Gold 🟡 - Statistics

General Stats
  • This quiz has been taken 5 times
  • The average score is 5 of 18
Answer Stats
Division Use Answer % Correct
Premier League Trim Leeds United
75%
Championship Main Norwich City
75%
Premier League Main Wolverhampton Wanderers
75%
League One Main Burton Albion
50%
League Two Main Harrogate Town
50%
Championship Trim Birmingham City
25%
Championship Trim Derby County
25%
Championship Trim Leicester City
25%
Championship Main Oxford United
25%
League One Trim Port Vale
25%
Championship Main Watford
25%
Premier League Trim Aston Villa
0%
Premier League Trim Bournemouth
0%
League Two Trim Colchester United
0%
League Two Trim Milton Keynes Dons
0%
League Two Trim Salford City
0%
League Two Trim Swindon Town
0%
League One Trim Wimbledon
0%
No matching quizzes found
Score Distribution
Percent of People with Each Score
Percentile by Number Answered
Your Score History
You have not taken this quiz